Sporcle On TV Quiz Stats

 Plays Quiz Updated Nov 27, 2018

Support Sporcle.
Go Orange.
Score 0/60 Timer 06:00
1 Play Today
% Correct
I
95.5%
American
95.3%
Square
95.3%
Bang
95.3%
Scooby
95.2%
Sex
95.2%
Vampire
95.2%
Bell
94.9%
Grey's
94.8%
Raymond
94.7%
Dance
94.5%
Feet
94.3%
Family
94.1%
Malcolm
94.1%
Top
93.7%
Betty
93.6%
Sesame
93.5%
Charlie's
93.3%
Children
92.7%
Ride
92.4%
Desperate
92.3%
60
92.2%
Earl
92%
Twilight
91.7%
Live
91.7%
X
91.5%
South
91.4%
Dawson's
91.3%
'70s
91.1%
Tree
91.1%
% Correct
Men
90.7%
Line
90.7%
Band
90.6%
Thrones
90.6%
True
90.5%
Criminal
90.4%
Arrested
90.4%
Golden
90.1%
Curb
90.1%
Freaks
89.6%
West
89.5%
Knight
86.8%
Prison
86.6%
30
86.4%
Lights
86.4%
Flying
85.6%
Unsolved
85.4%
Ties
85%
Melrose
85%
Lie
84.8%
Cougar
84.7%
Breaking
84.6%
Diff'rent
84.6%
Twin
83.5%
Mork
82.5%
Wonder
82.2%
Boardwalk
80.1%
Northern
77.7%
Trailer
75.8%
Grace
74.7%

From the Vault

Word Flux

by dolebanana

This is what makes time travel possible!
Remove Ads.
Support Sporcle.
Get the best of Sporcle when you Go Orange. This ad-free experience offers more features, more stats, and more fun while also helping to support Sporcle. Thank you for becoming a member.

Show Comments

Extras

Top Quizzes Today


Score Distribution

Your Account Isn't Verified!

In order to create a playlist on Sporcle, you need to verify the email address you used during registration. Go to your Sporcle Settings to finish the process.

Report this User

Report this user for behavior that violates our Community Guidelines.

Details: